| 000 | 00592ngm a2200157 a 4500 | ||
|---|---|---|---|
| 005 | 20231205063610.0 | ||
| 008 | 991125s1986 mx 022 d daspa u | ||
| 035 | _aUPN01000023799 | ||
| 049 | _aAV | ||
| 050 | 4 | _aPVI no.18-20 | |
| 245 | 0 | 0 |
_aExperimentos : _bcóndor azul y camaleón rojo con las sombras [videograbación] / _creal. Eduardo Meza ; prod. Olga Elena Sánchez, Beatriz Ramos Berzunza. |
| 260 |
_aMéxico : _bSEP, Dirección General de Publicaciones y Medios : _bUTEC, _c1986. |
||
| 300 | _a1 cassete (Beta) (22 min.) | ||
| 650 | 2 |
_aTonos y sombras _919865 |
|
| 905 | _aAudiovisuales | ||
| 999 |
_c23799 _d23799 |
||